La naturaleza de la realidad física: Una filosofía de la Física moderna

Αποθηκεύτηκε σε:
Λεπτομέρειες βιβλιογραφικής εγγραφής
Κύριος συγγραφέας: Margenau, Henry (autor)
Μορφή: Βιβλίο
Γλώσσα:Ισπανικά
Έκδοση: Madrid Tecnos 1970
Σειρά:Estructura y Función, 32
Θέματα:
Ετικέτες: Προσθήκη ετικέτας
Δεν υπάρχουν, Καταχωρήστε ετικέτα πρώτοι!

MARC

LEADER 00000nam a2200000 a 4500
001 UCH1846
003 CL-VaPUC
008 090514e19700000SP |||||||||||||||||spa|d
082 0 4 |a 530.01  |b MAR  |2 21 
100 |a Margenau, Henry  |e autor  |9 549170 
245 1 3 |a La naturaleza de la realidad física: Una filosofía de la Física moderna 
300 |a 427 p 
942 |c BK 
945 |d 20090514 00:00:00  |a dcastane 
260 |a Madrid  |b Tecnos  |c 1970 
650 0 |a Filosofía   |9 223554 
650 7 |a TEORIA CIENTIFICA  |2 CL-VaPUC  |9 536404 
650 0 |a Física   |9 227844 
650 0 |a Teoría cuántica  |9 266148 
650 0 |a Mecánica   |9 260096 
650 0 |a Termodinámica   |9 259320 
650 0 |a Física teórica  |9 345827 
583 |a last modification  |c 20090514 00:00:00  |k Rodrigo Vera 
490 0 |a Estructura y Función, 32 
999 |c 333743  |d 333741 
952 |0 0  |1 0  |4 0  |6 530_010000000000000_MAR_1970  |7 0  |8 A  |9 422345  |a BIBCUR  |b BIBCUR  |d 2019-11-22  |i 4542630  |o 530.01 MAR 1970  |p 4542630  |r 2025-04-22  |w 2019-11-22  |y BK  |k FIS